000 00287nam a2200109Ia 4500
008 200302s9999 xx 000 0 und d
100 _aBarrie Chanter And Peter Swallow
245 _aBuilding Maintenance Management
260 _bBlackwell Publishing
260 _c2007
300 _a317 P.,
999 _c4259
_d4259